00454nam a2200157Ia 4500008004100000020001800041041000800059082001400067100001800081245010800099250001100207260003700218300001000255500001800265650001300283260520s2025 xx 000 0 und d a9789361099398 aeng a657.2/MAR aMarulkar, K V aAccounting for Consignment, Join Venture & Departmental Accounts (B.Com.II, S-III, P-IV (Major) NEP 2.0 a1st ed aKOLHAPURbPhadke Prakashanc2025 a124p. aCat No: 15235 aCOMMERCE